Top 15 Countries with the Most Fatal Plane Crashes - Statistics

General Stats
  • This quiz has been taken 78 times
  • The average score is 12 of 15
Answer Stats
# of crashes Country % Correct
864 United States
100%
76 China
96%
105 France
96%
539 Russia
94%
191 Canada
93%
110 United Kingdom
93%
190 Brazil
91%
95 India
89%
102 Mexico
83%
106 Indonesia
74%
68 Italy
73%
64 Ukraine
63%
184 Colombia
51%
66 D.R. Congo
33%
69 Venezuela
29%
No matching quizzes found
Score Distribution
Percent of People with Each Score
Percentile by Number Answered
Your Score History
You have not taken this quiz